| 000 | 00744nam a22002177a 4500 | ||
|---|---|---|---|
| 005 | 20100802101625.0 | ||
| 010 | _aENG-97559 | ||
| 020 |
_a9789380211329 _c70.00 |
||
| 035 | _aEN-81092 | ||
| 037 | _bDBAD/PUB | ||
| 082 | _a546 | ||
| 100 |
_aRebeckal, J. Jeyaseeli _93709 |
||
| 245 |
_aSelected topics in inorganic chemistry / _cby J. Jeyaseeli Rebeckal |
||
| 260 |
_aPollachi (Tamilnadu) _bEthirveliyedu _c2008 |
||
| 270 |
_a305, Police Station Road, Pollachi _bPollachi _e642001 |
||
| 300 |
_a112p. _c21cm (pbk) |
||
| 650 |
_aChemistry _93710 |
||
| 650 |
_aInorganic Chemistry _93711 |
||
| 942 |
_2ddc _cEN _h546 _mREB |
||
| 999 |
_c38502 _d38502 |
||